00639cam a22002294a 450000100090000000300040000900500170001300800410003001000170007102000180008804000180010604200080012405000260013208200230015810000160018124500860019725000120028326000400029530000350033565000170037070000220038716722365OSt20220922110515.0110405s2012 maua 000 0 eng  a 2011010635 a9780123814791 aDLCcDLCdDLC apcc00aQA76.9.D343bH36 201200a006.312222bHAN/D1 aHan, Jiawei10aData mining :bconcepts and techniques /cJiawei Han, Micheline Kamber, Jian Pei. a3rd ed. aBurlington, MA :bElsevier,cc2012. axxxv, 703 p. :bill. ;c25 cm. 0aData mining.1 aKamber, Micheline